[Event "Hong Kong-ch prel"]
[Site "Hong Kong"]
[Date "2018.03.19"]
[Round "10"]
[White "Chong, Chor Yuen"]
[Black "Lau, Joe Yiu Cho"]
[Result "1-0"]
[WhiteElo "1975"]
[BlackElo "1569"]
[PlyCount "109"]
[EventDate "2018.01.08"]
[EventType "swiss"]
[EventRounds "11"]
[EventCountry "HKG"]
[SourceTitle "EXT 2019"]
[Source "ChessBase"]
[SourceDate "2018.10.10"]
[SourceVersion "1"]
[SourceVersionDate "2018.10.10"]
[SourceQuality "1"]

1. c4 c5 2. Nc3 g6 3. Nf3 Bg7 4. d4 cxd4 5. Nxd4 a6 6. e4 Nc6 7. Be3 d6 8. Be2 Nf6 9. 0-0 0-0 10. Rc1 Bd7 11. h3 Rc8 12. Nb3 Ne5 13. c5 Bc6 14. f4 Ned7 15. cxd6 exd6 16. Bf3 Qe7 17. Re1 Nxe4 18. Bxe4 Bxe4 19. Bd4 f5 20. Bxg7 Qxg7 21. Nxe4 fxe4 22. Rxc8 Rxc8 23. Qxd6 Rc2 24. Rxe4 Nf6 25. Re7 Qf8 26. Qe6+ Kh8 27. Rf7 Qd8 28. Rxf6 Rc6 29. Qe4 Qxf6 30. Nd4 Rc4 31. Qe8+ Kg7 32. Ne2 Rc7 33. Qa4 Re7 34. Nc3 Qb6+ 35. Kh2 Qxb2 36. Qd4+ Kh6 37. f5 gxf5 38. Qf6+ Kh5 39. Qxf5+ Kh6 40. Qf6+ Kh5 41. Qxe7 Qxc3 42. Qxh7+ Kg5 43. Qg8+ Kh6 44. Qe6+ Kg7 45. Qb3 Qxb3 46. axb3 a5 47. Kg3 Kf6 48. Kf4 b5 49. Ke4 Kg5 50. Kd4 a4 51. bxa4 bxa4 52. Kc4 Kh4 53. Kb4 Kg3 54. Kxa4 Kxg2 55. h4 1-0

[Event "Hong Kong-ch prel"]
[Site "Hong Kong"]
[Date "2018.03.05"]
[Round "8"]
[White "Chong, Chor Yuen"]
[Black "Lam, Chun Yung Samuel"]
[Result "0-1"]
[WhiteElo "1975"]
[BlackElo "1137"]
[PlyCount "148"]
[EventDate "2018.01.08"]
[EventType "swiss"]
[EventRounds "11"]
[EventCountry "HKG"]
[SourceTitle "EXT 2019"]
[Source "ChessBase"]
[SourceDate "2018.10.10"]
[SourceVersion "1"]
[SourceVersionDate "2018.10.10"]
[SourceQuality "1"]

1. d4 d5 2. Nf3 Nf6 3. c4 c6 4. Nc3 e6 5. e3 Nbd7 6. Bd3 dxc4 7. Bxc4 Bd6 8. 0-0 0-0 9. e4 e5 10. Bg5 h6 11. Bh4 exd4 12. Nxd4 Nb6 13. Bb3 Re8 14. Re1 Nbd7 15. Nf5 Bc7 16. Qc2 Nc5 17. Rad1 Bd7 18. Bc4 b5 19. e5 bxc4 20. exf6 Bxf5 21. Qxf5 Qd2 22. Rf1 Qxb2 23. Qg4 g6 24. Qxc4 Re5 25. Bg3 Qb6 26. Bxe5 Bxe5 27. Ne4 Nxe4 28. Qxe4 Qc7 29. Qh4 Kh7 30. g3 Rd8 31. Rxd8 Qxd8 32. Qa4 Qxf6 33. Qxa7 h5 34. Qd7 Kg7 35. Qd3 h4 36. a4 h3 37. Qe4 c5 38. Qh4 Qa6 39. Qxh3 Qxa4 40. Qh4 Qxh4 41. gxh4 Kh6 42. Rc1 Bd4 43. Kg2 Kh5 44. Kg3 Be5+ 45. Kh3 Bd4 46. f3 g5 47. hxg5 Kxg5 48. Re1 f5 49. Re8 Kf4 50. Kg2 c4 51. Re2 c3 52. h3 Be3 53. Rc2 Bd2 54. Kf2 Kg5 55. Ra2 Kh4 56. Kg2 Kg5 57. Rc2 Kf4 58. Kf2 Kg5 59. Ra2 Kh4 60. Kg2 Kg5 61. Kg3 Bf4+ 62. Kg2 Bd2 63. Rc2 Kf4 64. Ra2 Ke3 65. h4 Kd3 66. Ra3 Kc4 67. Kg3 c2 68. Ra1 c1Q 69. Rxc1+ Bxc1 70. h5 Kd5 71. Kh4 Ke5 72. Kg3 Kf6 73. f4 Kg7 74. Kf3 Kh6 0-1

[Event "Hong Kong-ch op"]
[Site "Hong Kong"]
[Date "2017.10.30"]
[Round "4"]
[White "Chong, Chor Yuen"]
[Black "Pang, Yui Kuen"]
[Result "1/2-1/2"]
[WhiteElo "1968"]
[BlackElo "1991"]
[PlyCount "159"]
[EventDate "2017.10.09"]
[EventType "swiss"]
[EventRounds "7"]
[EventCountry "HKG"]
[SourceTitle "EXT 2019"]
[Source "ChessBase"]
[SourceDate "2018.10.10"]
[SourceVersion "1"]
[SourceVersionDate "2018.10.10"]
[SourceQuality "1"]

1. d4 Nf6 2. Nf3 e6 3. c4 b6 4. g3 Bb7 5. Bg2 Be7 6. 0-0 0-0 7. Nc3 d5 8. Ne5 Nbd7 9. cxd5 exd5 10. Qa4 Nxe5 11. dxe5 Ne8 12. Rd1 c6 13. e4 b5 14. Qb3 d4 15. Be3 Bc5 16. Ne2 dxe3 17. Rxd8 exf2+ 18. Kf1 Rxd8 19. a4 Nc7 20. Rc1 Bb6 21. a5 Bxa5 22. Kxf2 Bb6+ 23. Ke1 Ne6 24. Nf4 Nd4 25. Qc3 Rfe8 26. Nd3 a5 27. Rd1 Ba6 28. Nc5 b4 29. Qc1 Bb5 30. Nb7 b3 31. Rxd4 Rxd4 32. Nd6 Rxe5 33. Nxb5 cxb5 34. Qc6 Bd8 35. Qc3 Rdxe4+ 36. Bxe4 Rxe4+ 37. Kf1 Be7 38. Qxb3 Rb4 39. Qc3 a4 40. Ke2 Rb3 41. Qe5 Bf8 42. Kd1 g6 43. Kc2 h6 44. Qe8 Kg7 45. g4 Rb4 46. h3 Kg8 47. Kc3 Rb3+ 48. Kc2 Rxh3 49. Qxb5 a3 50. bxa3 Rxa3 51. Qe8 Rg3 52. Qd7 Bg7 53. Kd2 Bf6 54. Ke2 Kg7 55. Kf2 Rc3 56. Kg2 Rc5 57. Kf3 h5 58. gxh5 Rxh5 59. Kg4 Rh4+ 60. Kf3 g5 61. Kg3 Rf4 62. Kh3 Kg6 63. Qd3+ Kh6 64. Qd6 Kg7 65. Qd7 Rd4 66. Qf5 Rf4 67. Qd7 Bd4 68. Qd5 Kg6 69. Qd6+ f6 70. Qe6 Be5 71. Qg8+ Kf5 72. Qh7+ Ke6 73. Qg8+ Kd6 74. Qf8+ Kd5 75. Qa8+ Kd4 76. Qa1+ Kd5 77. Qa8+ Kd4 78. Qa1+ Kd3 79. Qd1+ Ke3 80. Qc1+ 1/2-1/2

[Event "Hong Kong-ch prel"]
[Site "Hong Kong"]
[Date "2017.03.13"]
[Round "9"]
[White "Deng, Yu Dong Michael"]
[Black "Chong, Chor Yuen"]
[Result "0-1"]
[WhiteElo "1742"]
[BlackElo "1994"]
[PlyCount "108"]
[EventDate "2017.01.09"]
[EventType "swiss"]
[EventRounds "11"]
[EventCountry "HKG"]
[SourceTitle "EXT 2018"]
[Source "ChessBase"]
[SourceDate "2017.10.13"]
[SourceVersion "1"]
[SourceVersionDate "2017.10.13"]
[SourceQuality "1"]

1. d4 Nf6 2. c4 e6 3. Nf3 d5 4. Nc3 Bb4 5. Bg5 dxc4 6. e4 c5 7. Bxc4 cxd4 8. Bxf6 gxf6 9. Qxd4 Qxd4 10. Nxd4 a6 11. 0-0-0 b5 12. Be2 Bb7 13. Bf3 Nd7 14. g3 Rc8 15. Nde2 Ne5 16. Bg2 Ng4 17. Rdf1 Ke7 18. h3 Ne5 19. Rd1 Bxc3 20. bxc3 b4 21. Kb2 bxc3+ 22. Nxc3 Rc7 23. Rd4 Rb8 24. Rc1 Bxe4+ 25. Ka3 Rc4 26. Rxe4 Rc5 27. Ka4 Nd3 28. Rb1 Nb2+ 29. Rxb2 Rxb2 30. Re2 Rxe2 31. Nxe2 Rc2 32. Bf3 Rxa2+ 33. Kb3 Ra1 34. Be4 f5 35. Bd3 a5 36. Nc3 Rh1 37. h4 Kd6 38. Ka4 Kc5 39. Bb1 Kc4 40. Nb5 Kc5 41. Nc3 Rc1 42. Kb3 Rf1 43. g4 Rxf2 44. gxf5 exf5 45. Ka4 Rf3 46. Nb5 Kb6 47. Nd6 Rf4+ 48. Kb3 Rxh4 49. Nxf5 Rb4+ 50. Ka2 h5 51. Ne3 Rd4 52. Bf5 h4 53. Kb3 h3 54. Nf1 Rf4 0-1

[Event "Hong Kong-ch prel"]
[Site "Hong Kong"]
[Date "2017.01.23"]
[Round "3"]
[White "Chong, Chor Yuen"]
[Black "Garceran Nieuwenburg, David"]
[Result "1-0"]
[WhiteElo "1994"]
[BlackElo "1783"]
[PlyCount "71"]
[EventDate "2017.01.09"]
[EventType "swiss"]
[EventRounds "11"]
[EventCountry "HKG"]
[SourceTitle "EXT 2018"]
[Source "ChessBase"]
[SourceDate "2017.10.13"]
[SourceVersion "1"]
[SourceVersionDate "2017.10.13"]
[SourceQuality "1"]

1. d4 Nf6 2. Nf3 e6 3. c4 Bb4+ 4. Bd2 Bxd2+ 5. Qxd2 b6 6. Nc3 Bb7 7. g3 Ne4 8. Nxe4 Bxe4 9. Bg2 d6 10. 0-0 Nd7 11. Rac1 0-0 12. Rfd1 a5 13. Qf4 Bxf3 14. Bxf3 Rb8 15. e4 e5 16. dxe5 Nxe5 17. Bg2 Qe8 18. b3 Qe6 19. Qd2 Qf6 20. f4 Nc6 21. a3 h6 22. Qd5 Ne7 23. Qd4 Qxd4+ 24. Rxd4 f6 25. Rd2 g5 26. fxg5 hxg5 27. b4 axb4 28. axb4 Nc6 29. c5 dxc5 30. bxc5 Na5 31. cxb6 cxb6 32. Rb2 Rfd8 33. Rb4 Rd3 34. Bf1 Rb3 35. Rxb3 Nxb3 36. Bc4+ 1-0

[Event "Hong Kong-ch prel"]
[Site "Hong Kong"]
[Date "2017.01.16"]
[Round "2"]
[White "Mahajan, Ritesh"]
[Black "Chong, Chor Yuen"]
[Result "0-1"]
[WhiteElo "1640"]
[BlackElo "1994"]
[PlyCount "94"]
[EventDate "2017.01.09"]
[EventType "swiss"]
[EventRounds "11"]
[EventCountry "HKG"]
[SourceTitle "EXT 2018"]
[Source "ChessBase"]
[SourceDate "2017.10.13"]
[SourceVersion "1"]
[SourceVersionDate "2017.10.13"]
[SourceQuality "1"]

1. d4 Nf6 2. e3 c5 3. f4 e6 4. Nf3 Be7 5. Bd3 b6 6. 0-0 Bb7 7. Nbd2 0-0 8. Qe2 Nc6 9. c3 Qc7 10. Ne4 d6 11. Bd2 Kh8 12. Nfg5 Nxe4 13. Bxe4 Bxg5 14. fxg5 Ne7 15. Bc2 e5 16. Qg4 Qc6 17. dxe5 dxe5 18. Qh3 e4 19. Rf4 Qg6 20. Raf1 Rad8 21. Be1 c4 22. Rh4 Rd6 23. Rff4 Bc8 24. g4 Re6 25. Qg2 Bb7 26. Rh5 Kg8 27. Qf1 Nd5 28. Rf3 Re5 29. Rfh3 Rxg5 30. Rxh7 Qxh7 31. Rxh7 Kxh7 32. Bxe4+ Kg8 33. Qh3 f5 34. Bg2 Rxg4 35. Qf3 Nxe3 36. Qxe3 Rxg2+ 37. Kf1 Be4 38. Bg3 Rd8 39. Qf4 Rd1+ 40. Be1 Rxb2 41. Qb8+ Kh7 42. Qe8 Rxh2 43. Kg1 Rh1+ 44. Kf2 Rdxe1 45. Kg3 Ref1 46. a4 Rh6 47. Qe7 Rg6+ 0-1

[Event "Hong Kong Jolimark op"]
[Site "Hong Kong"]
[Date "2016.12.27"]
[Round "4"]
[White "Chong, Chor Yuen"]
[Black "Mahajan, Ritesh"]
[Result "1-0"]
[WhiteElo "2015"]
[BlackElo "1642"]
[PlyCount "127"]
[EventDate "2016.12.26"]
[EventType "swiss"]
[EventRounds "9"]
[EventCountry "HKG"]
[SourceTitle "CBM 176 Extra"]
[Source "ChessBase"]
[SourceDate "2017.03.02"]
[SourceVersion "1"]
[SourceVersionDate "2017.03.02"]
[SourceQuality "1"]

1. e4 e6 2. d4 d5 3. Nc3 Bb4 4. e5 Ne7 5. a3 Bxc3+ 6. bxc3 c5 7. Qg4 Qc7 8. Qxg7 Rg8 9. Qxh7 cxd4 10. Ne2 Nbc6 11. f4 dxc3 12. Qd3 Bd7 13. Nxc3 a6 14. Rb1 Na5 15. h4 Nf5 16. Rh3 Nc4 17. h5 0-0-0 18. h6 Rg6 19. h7 Rh8 20. Rb4 Rg7 21. Qf3 Rhxh7 22. Rxh7 Rxh7 23. g4 Nd4 24. Qd3 Nxe5 25. fxe5 Qxe5+ 26. Kd1 Rh1 27. Rxd4 Rxf1+ 28. Qxf1 Qxd4+ 29. Bd2 Qxg4+ 30. Kc1 f5 31. Qe1 d4 32. Na2 Qf3 33. Kb2 Qd5 34. Bf4 a5 35. Qe5 Qb5+ 36. Qxb5 Bxb5 37. Nc1 Kd7 38. Nb3 d3 39. cxd3 b6 40. Kc3 Bc6 41. Kd4 Bd5 42. Nd2 Kc6 43. Nc4 b5 44. Ne5+ Kb6 45. Bd2 Ba2 46. Nd7+ Kc6 47. Nf8 Kd6 48. Bf4+ Ke7 49. Ng6+ Kf6 50. Ne5 b4 51. axb4 axb4 52. Bd2 b3 53. Bc3 Kg5 54. Bd2+ Kh4 55. Kc3 Kg3 56. d4 f4 57. Nd3 f3 58. Be1+ Kg2 59. Kb2 Kf1 60. Bh4 Kg1 61. Nf4 f2 62. Bxf2+ Kxf2 63. Nxe6 Ke3 64. d5 1-0

[Event "Hong Kong op"]
[Site "Hong Kong"]
[Date "2016.10.03"]
[Round "1"]
[White "Chung, Ethan Cheung Jing"]
[Black "Chong, Chor Yuen"]
[Result "0-1"]
[WhiteElo "1360"]
[BlackElo "2015"]
[PlyCount "40"]
[EventDate "2016.10.03"]
[EventType "swiss"]
[EventRounds "9"]
[EventCountry "HKG"]
[SourceTitle "EXT 2018"]
[Source "ChessBase"]
[SourceDate "2017.10.13"]
[SourceVersion "1"]
[SourceVersionDate "2017.10.13"]
[SourceQuality "1"]

1. e4 c5 2. c3 d5 3. exd5 Qxd5 4. Nf3 Nf6 5. d4 Bg4 6. Be2 e6 7. Bg5 Nbd7 8. Nbd2 cxd4 9. cxd4 Bb4 10. 0-0 0-0 11. Be3 Rfc8 12. b3 Bc3 13. Rc1 b5 14. Rc2 Bf5 15. Rc1 Bb2 16. Ng5 Rxc1 17. Qxc1 Bxc1 18. Bf3 Qd6 19. Bxa8 Bxd2 20. Bxd2 h6 0-1

[Event "Hong Kong-chT"]
[Site "Hong Kong"]
[Date "2016.04.18"]
[Round "4.2"]
[White "Chung, Sae Yoon"]
[Black "Chong, Chor Yuen"]
[Result "0-1"]
[WhiteElo "1521"]
[BlackElo "2015"]
[PlyCount "72"]
[EventDate "2016.03.31"]
[EventType "team-swiss"]
[EventRounds "7"]
[EventCountry "HKG"]
[SourceTitle "EXT 2017"]
[Source "ChessBase"]
[SourceDate "2016.10.25"]
[SourceVersion "1"]
[SourceVersionDate "2016.10.25"]
[SourceQuality "1"]
[WhiteTeam "Sputanik"]
[BlackTeam "Four Ex National Champions"]
[WhiteTeamCountry "HKG"]
[BlackTeamCountry "HKG"]

1. e4 e5 2. Nf3 Nf6 3. Nc3 Bb4 4. d3 d5 5. exd5 Nxd5 6. Bd2 0-0 7. Be2 Nxc3 8. bxc3 Bd6 9. 0-0 Nc6 10. Rb1 b6 11. Re1 h6 12. Be3 Ne7 13. Qc1 Nf5 14. Bd2 Bb7 15. d4 e4 16. Ne5 c5 17. Bg4 cxd4 18. Bxf5 Bxe5 19. cxd4 Bxd4 20. Bxe4 Bxe4 21. Rxe4 Qd5 22. Qe1 Rfd8 23. Re2 Rac8 24. c3 Bf6 25. a4 Qc6 26. Re3 Bg5 27. Re2 Bxd2 28. Rxd2 Rxd2 29. Qxd2 Qxa4 30. Qb2 Qc4 31. Rc1 b5 32. g3 b4 33. f4 bxc3 34. Qc2 a5 35. Ra1 a4 36. Ra3 Qc5+ 0-1

[Event "Hong Kong-ch prel"]
[Site "Hong Kong"]
[Date "2016.02.29"]
[Round "8"]
[White "Chong, Chor Yuen"]
[Black "Leung, Ho Yan Andrew"]
[Result "0-1"]
[WhiteElo "2001"]
[BlackElo "1809"]
[PlyCount "84"]
[EventDate "2016.01.04"]
[EventType "swiss"]
[EventRounds "11"]
[EventCountry "HKG"]
[SourceTitle "EXT 2017"]
[Source "ChessBase"]
[SourceDate "2016.10.25"]
[SourceVersion "1"]
[SourceVersionDate "2016.10.25"]
[SourceQuality "1"]

1. d4 Nf6 2. Nf3 g6 3. c4 Bg7 4. g3 0-0 5. Bg2 d6 6. Nc3 Nc6 7. 0-0 a6 8. e4 Nd7 9. Be3 e5 10. d5 Ne7 11. Rc1 h6 12. Nd2 f5 13. f3 f4 14. Bf2 Nf6 15. b4 g5 16. g4 h5 17. h3 hxg4 18. hxg4 Rf7 19. c5 Ng6 20. cxd6 cxd6 21. Na4 Ne8 22. Nb6 Rb8 23. Ndc4 Nf8 24. Qa4 Nd7 25. Qa5 Qf6 26. Rc2 Bf8 27. Rfc1 Nxb6 28. Nxb6 Bxg4 29. fxg4 f3 30. Qa3 fxg2 31. Qg3 Qg6 32. Qxg2 Rf4 33. Nd7 Rd8 34. Nxf8 Kxf8 35. Be3 Rxe4 36. Rf1+ Kg7 37. Qf3 Nf6 38. Rc7+ Kg8 39. Qxf6 Rxg4+ 40. Kf2 Qxf6+ 41. Ke2 Rg2+ 42. Ke1 Qg6 0-1

[Event "Hong Kong op"]
[Site "Hong Kong"]
[Date "2015.10.04"]
[Round "7"]
[White "Chong, Chor Yuen"]
[Black "Xu, Yuze"]
[Result "1-0"]
[WhiteElo "1986"]
[BlackElo "1717"]
[PlyCount "77"]
[EventDate "2015.10.01"]
[EventType "swiss"]
[EventRounds "9"]
[EventCountry "HKG"]
[SourceTitle "CBM 168 Extra"]
[Source "ChessBase"]
[SourceDate "2015.10.29"]
[SourceVersion "1"]
[SourceVersionDate "2015.10.29"]
[SourceQuality "1"]

1. e4 e6 2. d4 d5 3. Nc3 Nf6 4. Bg5 Be7 5. e5 Nfd7 6. Bxe7 Qxe7 7. f4 0-0 8. Nf3 a6 9. Bd3 f6 10. exf6 Nxf6 11. Qe2 c5 12. dxc5 Qxc5 13. 0-0-0 Nc6 14. g4 Qb4 15. Kb1 Qxf4 16. Rdf1 Qd6 17. Nh4 Nd7 18. g5 Nce5 19. Bxh7+ Kxh7 20. Qh5+ Kg8 21. Rd1 Qb4 22. g6 Nf6 23. Qxe5 Qxh4 24. Rd4 Qh5 25. Qg3 Ne8 26. Rh4 Rf5 27. Rxh5 Rxh5 28. h4 b5 29. Ne2 e5 30. Qc3 Bb7 31. Ng3 Rc8 32. Qf3 Nf6 33. Nxh5 Rf8 34. Nxf6+ Rxf6 35. Qh5 d4 36. Qh7+ Kf8 37. Qh8+ Ke7 38. Qxg7+ Ke6 39. Qxb7 1-0

[Event "Hong Kong op"]
[Site "Hong Kong"]
[Date "2015.10.01"]
[Round "1"]
[White "Chong, Chor Yuen"]
[Black "Ho, In Hei Henry"]
[Result "1-0"]
[WhiteElo "1986"]
[BlackElo "1584"]
[PlyCount "41"]
[EventDate "2015.10.01"]
[EventType "swiss"]
[EventRounds "9"]
[EventCountry "HKG"]
[SourceTitle "CBM 168 Extra"]
[Source "ChessBase"]
[SourceDate "2015.10.29"]
[SourceVersion "1"]
[SourceVersionDate "2015.10.29"]
[SourceQuality "1"]

1. Nf3 Nf6 2. d4 e6 3. c4 d5 4. e3 c5 5. Nc3 Nc6 6. a3 Bd6 7. dxc5 Bxc5 8. b4 Bd6 9. Bb2 0-0 10. Be2 Ne5 11. cxd5 exd5 12. Nxd5 Nxd5 13. Nxe5 Re8 14. Nxf7 Kxf7 15. Qxd5+ Re6 16. Bc4 Ke8 17. Qh5+ Rg6 18. 0-0 Bg4 19. Qxh7 Rh6 20. Qg8+ Bf8 21. Qf7# 1-0

[Event "Hong Kong-ch prel"]
[Site "Hong Kong"]
[Date "2015.02.16"]
[Round "7"]
[White "Chong, Chor Yuen"]
[Black "Lai, Robin"]
[Result "0-1"]
[WhiteElo "2034"]
[BlackElo "1908"]
[PlyCount "76"]
[EventDate "2015.01.05"]
[EventType "swiss"]
[EventRounds "9"]
[EventCountry "HKG"]
[SourceTitle "EXT 2016"]
[Source "ChessBase"]
[SourceDate "2015.10.08"]
[SourceVersion "1"]
[SourceVersionDate "2015.10.08"]
[SourceQuality "1"]

1. e4 e6 2. d4 b6 3. Nf3 Bb7 4. Bd3 c5 5. c3 Nf6 6. Qe2 Be7 7. 0-0 d5 8. exd5 Bxd5 9. Bg5 0-0 10. Nbd2 Nbd7 11. Rfe1 h6 12. Bh4 Nh5 13. Bxe7 Qxe7 14. c4 Nf4 15. Qe3 Nxd3 16. Qxd3 Bxf3 17. Nxf3 cxd4 18. Nxd4 Nf6 19. Qf3 Qc7 20. b3 a6 21. Rad1 Rac8 22. h3 Rfd8 23. Qe2 Rd7 24. Rd3 e5 25. Nf5 Rxd3 26. Qxd3 e4 27. Qc3 Qd7 28. Nxh6+ Kh7 29. Ng4 Nxg4 30. hxg4 Qxg4 31. Qe5 f5 32. Qe6 Rf8 33. Qxb6 Rf6 34. Qd4 Rg6 35. g3 Qh3 36. Qe5 Rh6 37. f3 Qh1+ 38. Kf2 Qxf3+ 0-1

[Event "Hong Kong op"]
[Site "Hong Kong"]
[Date "2014.10.05"]
[Round "9"]
[White "Chong, Chor Yuen"]
[Black "Li, Xinyu"]
[Result "1/2-1/2"]
[WhiteElo "2022"]
[BlackElo "1709"]
[PlyCount "78"]
[EventDate "2014.10.01"]
[EventType "swiss"]
[EventRounds "9"]
[EventCountry "HKG"]
[SourceTitle "CBM 162 Extra"]
[Source "ChessBase"]
[SourceDate "2014.10.17"]
[SourceVersion "1"]
[SourceVersionDate "2014.10.17"]
[SourceQuality "1"]

1. e4 c5 2. Nf3 d6 3. d4 cxd4 4. Nxd4 Nf6 5. Nc3 Nc6 6. Bg5 e6 7. Qd2 a6 8. 0-0-0 Bd7 9. f4 b5 10. Kb1 b4 11. Nxc6 Bxc6 12. e5 dxe5 13. Qe3 Qc7 14. Ne2 Ne4 15. fxe5 Bc5 16. Nd4 Qb6 17. Bc4 Nxg5 18. Qxg5 Bxd4 19. Qxg7 0-0-0 20. Rhf1 Rhg8 21. Qxf7 Bxg2 22. Rfe1 Kb8 23. Qxh7 Bf2 24. Rxd8+ Rxd8 25. Rc1 Be3 26. Re1 Bf2 27. Rc1 Be3 28. Re1 Bd2 29. Rd1 Bf3 30. Rf1 Bb7 31. Qe7 Bg2 32. Rd1 Bf3 33. Rf1 Bg2 34. Rd1 Bh3 35. Bxa6 Bg4 36. Rf1 Bh3 37. Rd1 Bg4 38. Rf1 Bh3 39. Rd1 Bg4 1/2-1/2

[Event "Hong Kong op"]
[Site "Hong Kong"]
[Date "2014.10.02"]
[Round "3"]
[White "Chong, Chor Yuen"]
[Black "Gong, Patrick"]
[Result "1-0"]
[WhiteElo "2022"]
[BlackElo "1713"]
[PlyCount "69"]
[EventDate "2014.10.01"]
[EventType "swiss"]
[EventRounds "9"]
[EventCountry "HKG"]
[SourceTitle "CBM 162 Extra"]
[Source "ChessBase"]
[SourceDate "2014.10.17"]
[SourceVersion "1"]
[SourceVersionDate "2014.10.17"]
[SourceQuality "1"]

1. e4 d5 2. exd5 Nf6 3. Bb5+ Bd7 4. Be2 Nxd5 5. d4 e6 6. Nf3 Be7 7. 0-0 0-0 8. c4 Nf6 9. Nc3 Na6 10. Bf4 Nh5 11. Be3 g6 12. Ne5 Ng7 13. Bh6 Nb4 14. Bf3 Nc6 15. Bxc6 bxc6 16. Qf3 Bd6 17. Rad1 Rb8 18. b3 Qe8 19. Ne4 f5 20. Ng5 Rf6 21. Rfe1 Bc8 22. Nxc6 Bb7 23. d5 Bxc6 24. dxc6 e5 25. c5 Bf8 26. Qd5+ Kh8 27. Rxe5 Qxc6 28. Qc4 Ne6 29. Nxe6 Bxh6 30. Nd8 Qa8 31. Nf7+ Rxf7 32. Qxf7 Rf8 33. Qd7 Bg5 34. Rde1 Bf6 35. Re8 1-0